Statistics for Bodies of Water by Location

Click here to take the quiz!

General Stats

  • This quiz has been taken 33,367 times
    (25,142 since last reset)
  • The average score is 18 of 24

Answer Stats

Where It Is Body of Water % Correct
Between Africa and Arabia{Red} Sea
95%
Between Europe and Africa{Mediterranean} Sea
93%
Southeast of TexasGulf of {Mexico}
91%
North of Turkey{Black} Sea
89%
Between England and France{English} Channel
89%
Between Israel and Jordan{Dead} Sea
84%
Between Britain and Scandinavia{North} Sea
83%
Between Spain and MoroccoStrait of {Gibraltar}
80%
Between Alaska and Russia{Bering} Strait
79%
Between Iran and Saudi Arabia{Persian} Gulf
79%
Southeast of Sweden{Baltic} Sea
76%
North of Iran{Caspian} Sea
75%
Uganda, Tanzania and KenyaLake {Victoria}
75%
Ontario, Michigan, Wisconsin
and Minnesota
Lake {Superior}
75%
North of South America{Caribbean} Sea
75%
South of China{South} {China} Sea
75%
Between India and MyanmarBay of {Bengal}
71%
Between Greece and Turkey{Aegean} Sea
70%
Between Italy and the Balkans{Adriatic} Sea
69%
North of Ontario{Hudson} Bay
60%
Between Ireland and Britain{Irish} Sea
60%
North of SpainBay of {Biscay}
58%
Between China and Korea{Yellow} Sea
47%
Southeast of Baltimore{Chesapeake} Bay
45%

Score Distribution

Percentile by Number Answered

Percent of People with Each Score

Your Score History

You have not taken this quiz since the last reset